In the footsteps of Marco Polo : a twentieth century odyssey /

Saved in:

Main Author: Rutstein, Harry (Author)

Other Authors: Kroll, Joanne.

Format: Book

Language: English

Published: New York : Viking Press, 1980.

Series: A Studio book.

Subjects:

Tags: Add Tag

No Tags, Be the first to tag this record!

Call Number: DS49.7 .R87 1980

LEADER 00810namaa2200277 4500
001 20758
003 OSt
005 20260310080509.0
008 130303s1980 nyua 000 0ceng d
010 |a 80013964 
020 |a 0670396834 
040 |c ARCE Library 
043 |a aw----- 
050 4 |a DS49.7 .R87 1980 
100 1 |a Rutstein, Harry,  |e author  |9 38822 
245 1 0 |a In the footsteps of Marco Polo :  |b a twentieth century odyssey /  |c Harry Rutstein and Joanne Kroll. 
264 1 |a New York :   |b Viking Press,   |c 1980. 
300 |a 128 pages :  |b illustrations ;  |c 29 cm. 
490 0 |a A Studio book. 
600 1 0 |a Rutstein, Harry.  |9 38822 
600 1 0 |a Kroll, Joanne. 
651 0 |a Middle East  |x Description and travel. 
700 1 |a Kroll, Joanne. 
901 |a reviewed 
942 |c BK  |2 lcc 
999 |c 17205  |d 17205